00677nam a2200229 a 4500001001300000003000900013005001700022008004100039020002300080082001500103100001900118245005300137260002500190300000900215500003500224650001900259700001900278902000800297942000700305952011800312999001700430nice12345678IN_TiNIC20260116014929.0100209s2004 lona grp 000 0 eng  a9780281056958c10000a248.4bTOM aTomilson, Dave aRunning into Godb Reflections for Ordinary Days aLondon bSPCK c2004 a114p aincludes index and biblioraphy aChristian-Life1 aTomilson, Dave bSRS cBK 001040708StackRoom-aHMIbHMId2010-02-09g100.00l0o248.4 TOMp11002150r2010-02-09v100.00w2010-02-09yBK c17589d17589